000
00228nam a22000857a 4500
008
160708b xxu||||| |||| 00| 0 eng d
100
_9
2429
_a
Bayley, N, , et, al
245
_a
The Patchwork Cat
260
_a
England
_b
Puffin Book
_c
1981
999
_c
2103
_d
2103